Responses for show #7603 - Wednesday, October 4, 2017

Austin Rogers game 7.

Contestants

Jay Hancock, a journalist from Ellicott City, Maryland

Marguerite Moran, a library director from Webster, Minnesota

Austin Rogers, a bartender from New York, New York (whose 6-day cash winnings total $257,700)

Jeopardy! Round responses

WELCOME TO LOS ANGELES
AUTHORS: BORN & DIED
TIMELY TALK
FOOD & DRINK
CLASSIC POP
(Alex: You identify the performer.)
A KING JAMES BIBLE
    $200 23
The Los Angeles Times

Jay
    $200 6
(Jack) Kerouac

Austin
    $200 17
the eleventh hour

Jay
    $200 11
fiber

Marguerite
    $200 1
The Supremes

Austin
    $200 15
Scotland

Austin
    $400 24
Rodeo Drive

Austin
    $400 7
Harper Lee

Jay
    $400 19
punctual

Jay
    $400 12
Dr. Pepper

Triple Stumper
    $400 2
(Marguerite: Uh...)

Roy Orbison

AustinMarguerite
    $400 18
Elizabeth I

Marguerite
    $600 25
Frank Lloyd Wright

Jay
    $1,000 8
Baltimore

Jay
    $600 28
antiquity

Triple Stumper
    $600 13
Velveeta

Jay
    $600 3
Peter Gabriel

Austin
    $600 20
Stuart

Austin
    $800 26
the Hollywood Bowl

Austin
    $800 9
(John) Steinbeck

Austin
    $800 29
concurrent or concurrently

Triple Stumper
    $800 14
(Austin: What is sorbet and sherbert?)
...
(Alex: No "R". Not "sherbert". Sorry, Austin.)
(Austin: I'm from New York. That's how we say it.)

sorbet and sherbet

AustinJay
    $800 4
Bobby Darin

Austin
    $800 21
Spain

Marguerite
    $1000 27
Griffith Park

Marguerite
    $1000 10
Richard Adams

Triple Stumper
    $1000 30
(Alex: In The Rocky Horror Picture Show.)

fleeting

Marguerite
    $1000 16
champagne

Jay
    $1000 5
[Applause for Austin's running the category]

Fleetwood Mac

Austin
    $1000 22
Parliament

Austin

Scores at the first commercial break (after clue 15):

Austin Marguerite Jay
$3,400 -$200 $2,800

Scores at the end of the Jeopardy! Round:

Austin Marguerite Jay
$6,200 $3,000 $5,200

Double Jeopardy! Round responses

LAKES & RIVERS
(Alex: And it happens to be the last category written by one of our writers, named Steve Tamerius, who left us recently after thirty years of employment as a writer on Jeopardy!.)
THEIR MARRIED NAMES
3 STRAIGHT VOWELS
PLAQUE BUILDUP
CALCULUS
DENTAL PROBLEMS
    $400 3
the Thames

Austin
    $400 12
Julia Child

Marguerite
    $400 1
silhouettes

Austin
    $400 23
insulin

Jay
    $400 29
pi

Austin
    $400 6
George Washington

Marguerite
    $800 4
Superior

Marguerite
    $800 13
(Lindsey) Vonn

Austin
    $5,000 2
lieutenant

Austin
    $800 21
Guinness

Marguerite
    $800 30
a tangent

Jay
    $800 7
Marathon Man

Marguerite
    $1200 9
(Jay: What is the Danube?)

the Volga River

Jay
Triple Stumper
    $1200 14
Susan Sarandon

Jay
    $1200 5
a wipeout

Jay
    $1200 17
Kevlar

Austin
    $1200 25
(Marguerite: What is a bead?)

a stone

AustinMarguerite
    $1200 8
(Jay: What are incisors?)

wisdom teeth

AustinJay
    $1600 10
Lake Tahoe

Austin
    $1600 15
Pat Benatar

Jay
    $1600 19
subcutaneous

Austin
    $1600 16
Stonewall (Inn)

Austin
    $1600 24
derivative

Triple Stumper
    $6,000 26
barbers

Austin
    $2000 11
(Austin: What is Lake Titicaca?)

Lake Maracaibo

Austin
Triple Stumper
    $2000 22
von Furstenberg

Austin
    $2000 20
beauty

Triple Stumper
    $2000 18
(Edmond) Rostand

Jay
    $2000 28
integration

Triple Stumper
    $2000 27
Fixodent

Marguerite

Scores at the end of the Double Jeopardy! Round:

Austin Marguerite Jay
$27,600 $7,000 $10,000
(lock game)

[wagering suggestions for these scores]

Final Jeopardy! Round responses

AMERICAN PLAYS
(Alex: [To Jay] The narrator and the Stage Manager, the same character.)
MargueriteWhat is
$6,999
JayWhat is Our Town?
$4,500
AustinWhat is a taco?
$7,000
Our Town

Final scores:

Austin Marguerite Jay
$20,600 $1 $14,500
7-day champion: $278,300 3rd place: $1,000 2nd place: $2,000

Game dynamics:

Coryat scores:

Austin Marguerite Jay
$19,000 $7,000 $9,600
25 R
(including 2 DDs),
2 W
11 R,
2 W
15 R
(including 1 DD),
2 W

Combined Coryat: $35,600

The J! Archive is created by fans, for fans. The Jeopardy! game show and all elements thereof, including but not limited to copyright and trademark thereto, are the property of Jeopardy Productions, Inc. and are protected under law. This website is not affiliated with, sponsored by, or operated by Jeopardy Productions, Inc. Join the discussion at JBoard.tv.